It looks like you're offline.
Open Library logo
additional options menu

MARC record from Internet Archive

LEADER: 00810nam 2200241 4500
005 20010122110236.0
008 010122s2000 nyua 001 0 eng
010 $a00103117
020 $a0823058743
035 $atlc00004750
049 $aCOPL
100 1 $aBorzello, Frances.
245 12 $aA world of our own /$cwomen as artists since the renaissance /$cFrances Borzello.
260 $aNew York :$bWatson-Guptill,$c2000.
300 $a224 p. :$bill. ;$ccm.
500 $a153,915
650 0 $aWomen artists$vBiography.
650 0 $aArt, Renaissance.
650 0 $aArt, Modern.
907 $a.b13311426$b07-02-03$c05-23-03
998 $a3cw$b05-23-03$cm$da$e-$feng$gnyu$h2$i1
946 $acw$bjmp$c2003-05-20
945 $a709.22 Bor$g0$i36431100438725$l3cwan$o-$p$50.00$q $r $s-$t201$u0$v0$w0$x0$y.i16266067$z05-23-03